Counsellors of Real Estate (Record no. 119697)

MARC details
000 -LEADER
fixed length control field 00782cam a2200205 4500
001 - CONTROL NUMBER
control field WS109077
008 - FIXED-LENGTH DATA ELEMENTS--GENERAL INFORMATION
fixed length control field 000000n 000 0 eng u
035 ## - SYSTEM CONTROL NUMBER
System control number (Sirsi) u109077
110 ## - MAIN ENTRY--CORPORATE NAME
Corporate name or jurisdiction name as entry element Counsellors of Real Estate
9 (RLIN) 3952
245 ## - TITLE STATEMENT
Title Counsellors of Real Estate
520 ## - SUMMARY, ETC.
Summary, etc. Web site for this 'international group of real estate professionals who provide advisory services to clients on property and land-related matters'. Includes details of their publications and press releases.
650 ## - SUBJECT ADDED ENTRY--TOPICAL TERM
Topical term or geographic name entry element USA
650 ## - SUBJECT ADDED ENTRY--TOPICAL TERM
Topical term or geographic name entry element REAL ESTATE
650 ## - SUBJECT ADDED ENTRY--TOPICAL TERM
Topical term or geographic name entry element ORGANISATION
650 ## - SUBJECT ADDED ENTRY--TOPICAL TERM
Topical term or geographic name entry element INTERNATIONAL
650 ## - SUBJECT ADDED ENTRY--TOPICAL TERM
Topical term or geographic name entry element COMMERCIAL
690 ## - LOCAL SUBJECT ADDED ENTRY--TOPICAL TERM (OCLC, RLIN)
Topical term or geographic name as entry element MANAGEMENT-BUSINESS MANAGEMENT-PROFESSIONAL PRACTICE
856 40 - ELECTRONIC LOCATION AND ACCESS
Uniform Resource Identifier <a href="https://www.cre.org">https://www.cre.org</a>
Public note View the website free of charge at www.cre.org...
942 ## - ADDED ENTRY ELEMENTS (KOHA)
Suppress in OPAC 0
Holdings
Withdrawn status Lost status Source of classification or shelving scheme Damaged status Not for loan Home library Current library Shelving location Date acquired Total Checkouts Full call number Barcode Date last seen Copy number Price effective from Koha item type
    Dewey Decimal Classification     Virtual Virtual Online 02/11/2000   WEB SITE 109077-2001 06/08/2019 1 06/08/2019 Online material